000 00304nam a22001337a 4500
008 170321b xxu||||| |||| 00| 0 eng d
020 _a0721656609
041 _aeng
080 _a616.12 -008-073
100 _a7
101 _aSHM
245 _aCARDIOVASCULAR THERAPEUTICS
_cSMITH.TH.W
942 _2udc
_cBK
999 _c8248
_d8248